| 000 | 00543cam a22001457a 4500 | ||
|---|---|---|---|
| 008 | 180718b1951 xxu||||| |||| 00| 0 eng d | ||
| 082 | _aB5x42 In7u | ||
| 245 |
_aUnited Kingdom and international oraganizations: a report by a study group of the Institute of Public Administration _cby Institute of Public Administration |
||
| 260 |
_aLondon _bRoyal Institute of International Affarirs _c1951 |
||
| 300 | _a55p. | ||
| 500 | _a4/- | ||
| 650 | _aInternational Agencies | ||
| 650 | _aUK - Government | ||
| 700 | _aInstitute of Public Administration | ||
| 999 |
_c480088 _d480088 |
||